Lotus 1-2-3 release 2, ASAP : (Record no. 180481)
[ view plain ]
| 000 -LEADER | |
|---|---|
| fixed length control field | 01037 a2200205 4500 |
| 003 - CONTROL NUMBER IDENTIFIER | |
| control field | Nust |
| 005 - DATE AND TIME OF LATEST TRANSACTION | |
| control field | 20230601100034.0 |
| 010 ## - LIBRARY OF CONGRESS CONTROL NUMBER | |
| LC control number | 86000232 |
| 020 ## - INTERNATIONAL STANDARD BOOK NUMBER | |
| International Standard Book Number | 0471844616 (pbk.) : |
| 040 ## - CATALOGING SOURCE | |
| Transcribing agency | Nust |
| 082 00 - DEWEY DECIMAL CLASSIFICATION NUMBER | |
| Classification number | 005.369,WIL |
| 100 1# - MAIN ENTRY--PERSONAL NAME | |
| Personal name | Williams, Andrew T., |
| 9 (RLIN) | 112942 |
| 245 10 - TITLE STATEMENT | |
| Title | Lotus 1-2-3 release 2, ASAP : |
| Remainder of title | A self-teaching guide / |
| Statement of responsibility, etc. | Andrew T. Williams. |
| 260 ## - PUBLICATION, DISTRIBUTION, ETC. | |
| Place of publication, distribution, etc. | New York : |
| Name of publisher, distributor, etc. | Wiley, |
| Date of publication, distribution, etc. | c1986. |
| 300 ## - PHYSICAL DESCRIPTION | |
| Extent | xii, 340 p. : |
| Other physical details | ill. ; |
| Dimensions | 26 cm. |
| 505 ## - FORMATTED CONTENTS NOTE | |
| Formatted contents note | Welcome to 1-+-2-3 Release 2 (Page-1), Worksheet Command (Page-8), The Range Command (Page-45), The Copy, Move, System and Quit Commands (Page-78), The File Command (Page-101), The Paint Command (Page-125), Constructing Lotus 123 Worksheet (Page-154), The Database Command (Page-193), Additional Data Commands: Regression, Parse and Matrix Multiplication (Page-230), The Graph Commands (Page-265), Macros : The Hidden Power (Page-290). |
| 650 #0 - SUBJECT ADDED ENTRY--TOPICAL TERM | |
| Topical term or geographic name entry element | Business |
| General subdivision | Computer programs. |
| 9 (RLIN) | 19731 |
| 740 0# - ADDED ENTRY--UNCONTROLLED RELATED/ANALYTICAL TITLE | |
| Uncontrolled related/analytical title | Lotus one-two-three release 2, ASAP. |
| 942 ## - ADDED ENTRY ELEMENTS (KOHA) | |
| Source of classification or shelving scheme | |
| Koha item type | Book |
| Call number prefix | 005.369,WIL |
| Withdrawn status | Lost status | Source of classification or shelving scheme | Damaged status | Not for loan | Permanent Location | Current Location | Shelving location | Date acquired | Full call number | Barcode | Date last seen | Price effective from | Koha item type | Public note |
|---|---|---|---|---|---|---|---|---|---|---|---|---|---|---|
| Military College of Signals (MCS) | Military College of Signals (MCS) | General Stacks | 12/12/2016 | 005.369,WIL | MCS27462 | 12/08/2016 | 12/12/2016 | Book | Almirah No.108, Shelf No.4 |
